00855nam a2200241 a 450000100060000000300080000600500170001400800410003102000180007203500190009004000270010904100080013608200280014410000320017224500740020426000460027830000210032465100430034570000350038894200120042399900170043595201610045258618BD-RjUL20211209080636.0161219s2011 bg 000 0 eng  a9789893321923 a(BD-RjUL)58742 aDLCbengcDLCdBD-RjUL aeng04a330.95492223bKHB 2011 aKhan, Shamsul Kabir917419200aBangladesh studies /cMd. Shamsul Kabir Khan and Daulatunnaher Khanam aDhaka :bChaity Chayon Prokashoni,c2011. a564 p. ;c24 cm. 0aBangladeshxEconomic condition9174193 aKhanam, Daulatunnaher 9174194 2ddccBK c58618d58618 00102ddc40718NFICaRUCLbRUCLcReadingd2011-06-23eU.G.C. of Bangladesh, Dhakag400.00l0o330.95492 KHB 2011r2016-12-19 00:00:00tC-1w2016-12-19yBK